ZKM Gdynia - 26 - Statystyki

Ogólne statystyki
  • Ten quiz został rozwiązany 34 razy
  • Średni wynik to 20 z 26
Statystyki odpowiedzi
Przystanek Ulica % Poprawnych
Warszawska Warszawska
100%
Cisowa Sibeliusa Morska
95%
Witomińska Warszawska
91%
Kalksztajnów Morska
86%
Mireckiego Morska
86%
Uniwersytet Morski Morska
86%
Węzeł Żołnierzy Wyklętych Morska
86%
Bpa Okoniewskiego Morska
82%
Morska - Estakada Morska
82%
Wiejska Morska
82%
Zbożowa Morska
82%
Harcerska Aleja Zwycięstwa
77%
Orłowo SKM - "Klif" Aleja Zwycięstwa
77%
Orłowo SKM - "Klif" Aleja Zwycięstwa
77%
Owsiana Morska
77%
Centrum Nauki Experyment Aleja Zwycięstwa
73%
Chylonia Centrum Morska
73%
Zamenhofa Morska
73%
Gdynia Dworzec Gł. PKP - Wolności Warszawska
68%
Morska - Kcyńska Morska
68%
Nawigatorów Aleja Zwycięstwa
68%
Stocznia SKM - Morska Morska
68%
Zwycięstwa - Wielkopolska Aleja Zwycięstwa
68%
Orłowo SKM - Orłowska Aleja Zwycięstwa
64%
Wzgórze Św. Maksymiliana SKM Władysława IV
64%
Redłowo SKM - Park Technologiczny Aleja Zwycięstwa
55%
Nie znaleziono quizów pasujących do podanych kryteriów
Rozkład punktacji
Procent ludzi z każdym wynikiem
Percentyl według liczby udzielonych odpowiedzi
Twoja historia wyników
Nie rozwiązałeś tego quizu